000 00363nam a2200145 i 4500
001 bg
100 1 _aŻUROWSKI, Adam
245 0 _aPomiary geodezyjne w budowie dróg,lotnisk i mostów /
_cAdam Żurowski.
250 _aWyd.2 uzup.
260 _aWarszawa,
_c1981.
040 _cBPK
041 _apol
942 _cKS
008 s pl f |000 0 pol
999 _c19895
_d19895
856 _uhttp://koha.tu.koszalin.pl/cgi-bin/koha/opac-detail.pl?biblionumber=19895
_yKatalog online BPK